00422nam a22001217a 4500008004100000040001800041041000800059100002500067245012000092260005000212300001800262650002000280130821s1937 enk gr eng  aCo-BoUCMbspa00aeng aFlecker, James Elroy00aHassanbThe story of Hassan of Bagdad and how he came to make the Golden Journey to Samarkand : a play in five acts aLondres (Inglaterra)bWillian Heinemannc1937 a182 páginas04aTeatro oriental